| 000 | 00329nam a2200121Ia 4500 | ||
|---|---|---|---|
| 008 | 190902s9999||||xx |||||||||||||| ||und|| | ||
| 020 | _a0-7607-3046-6 | ||
| 100 | _aPeck,Scott | ||
| 245 | 0 | _aCommunity Building Renewing Spirit and Learning in Business | |
| 260 |
_aUSA _bNew leadership press _c1995 |
||
| 300 | _a441P.: | ||
| 942 | _cBK | ||
| 999 |
_c2947 _d2947 |
||